| 000 | 00577nam a2200265Ia 4500 | ||
|---|---|---|---|
| 008 | 210210b2008 xxu||||| |||| 00| 0 eng d | ||
| 020 | _a9788131501153 | ||
| 041 | _aeng | ||
| 082 | _a001.6442 DROD | ||
| 100 | _aDROZDEK (Adam) | ||
| 245 | _aData structures and algorithms in C++ Ed 3 | ||
| 250 | _a | ||
| 260 |
_aAustralia _b- _c2008 |
||
| 300 | _a758 | ||
| 650 | _astructures | ||
| 650 | _ain | ||
| 650 | _aEd | ||
| 650 | _aData | ||
| 650 | _aC++ | ||
| 650 | _aand | ||
| 650 | _aalgorithms | ||
| 650 | _a3 | ||
| 690 | _aData Structures | ||
| 906 | _a063083 | ||
| 999 |
_c132785 _d132785 |
||